Challenges to Human Security in the Arab Countries/ (Record no. 13637)
[ view plain ]
| 000 -LEADER | |
|---|---|
| fixed length control field | 01643cam a2200349 a 4500 |
| 001 - CONTROL NUMBER | |
| control field | 13140504 |
| 005 - DATE AND TIME OF LATEST TRANSACTION | |
| control field | 20060722153820.0 |
| 008 - FIXED-LENGTH DATA ELEMENTS--GENERAL INFORMATION | |
| fixed length control field | 030328s2002 nyua |rb i000 0 eng d |
| 010 ## - LIBRARY OF CONGRESS CONTROL NUMBER | |
| LC control number | 2003266578 |
| 020 ## - INTERNATIONAL STANDARD BOOK NUMBER | |
| International Standard Book Number | 9789211262117 |
| 035 ## - SYSTEM CONTROL NUMBER | |
| System control number | (OCoLC)ocm50567861 |
| 040 ## - CATALOGING SOURCE | |
| Original cataloging agency | ORE |
| Transcribing agency | ORE |
| Modifying agency | DLC |
| 042 ## - AUTHENTICATION CODE | |
| Authentication code | lccopycat |
| 043 ## - GEOGRAPHIC AREA CODE | |
| Geographic area code | ma----- |
| 050 00 - LIBRARY OF CONGRESS CALL NUMBER | |
| Classification number | HN766.A85 |
| Item number | A73 2002 |
| 082 00 - DEWEY DECIMAL CLASSIFICATION NUMBER | |
| Classification number | 307.7640974927 |
| Edition number | 22 |
| Item number | HUM |
| 245 04 - TITLE STATEMENT | |
| Title | Challenges to Human Security in the Arab Countries/ |
| Statement of responsibility, etc | United Nations Development Programme. Regional Bureau for Arab States |
| 260 ## - PUBLICATION, DISTRIBUTION, ETC. (IMPRINT) | |
| Place of publication, distribution, etc | New York : |
| Name of publisher, distributor, etc | United Nations Development Programme, Regional Bureau for Arab States,2009 |
| Date of publication, distribution, etc | c2009 |
| 300 ## - PHYSICAL DESCRIPTION | |
| Extent | 263 p. : |
| Other physical details | ill. ; |
| Dimensions | 30 cm. |
| 490 ## - Series Statement | |
| Series statement | Arab human development report ; |
| Volume/sequential designation | 2009 |
| 504 ## - BIBLIOGRAPHY, ETC. NOTE | |
| Bibliography, etc | Includes bibliographical references (p. 211-226). |
| 650 #0 - SUBJECT ADDED ENTRY--TOPICAL TERM | |
| Topical term or geographic name as entry element | Quality of life |
| Geographic subdivision | Arab countries. |
| 9 (RLIN) | 12496 |
| 651 #0 - SUBJECT ADDED ENTRY--GEOGRAPHIC NAME | |
| Geographic name | Arab countries |
| General subdivision | Social conditions. |
| 9 (RLIN) | 12497 |
| 651 #0 - SUBJECT ADDED ENTRY--GEOGRAPHIC NAME | |
| Geographic name | Arab countries |
| General subdivision | Economic conditions. |
| 9 (RLIN) | 12498 |
| 651 #0 - SUBJECT ADDED ENTRY--GEOGRAPHIC NAME | |
| Geographic name | Arab countries |
| General subdivision | National security |
| 9 (RLIN) | 12495 |
| 710 2# - ADDED ENTRY--CORPORATE NAME | |
| Corporate name or jurisdiction name as entry element | United Nations Development Programme. |
| Subordinate unit | Regional Bureau for Arab States. |
| 9 (RLIN) | 12499 |
| 856 42 - ELECTRONIC LOCATION AND ACCESS | |
| Materials specified | Publisher description |
| Uniform Resource Identifier | <a href="http://www.loc.gov/catdir/enhancements/fy0615/2003266578-d.html">http://www.loc.gov/catdir/enhancements/fy0615/2003266578-d.html</a> |
| 856 41 - ELECTRONIC LOCATION AND ACCESS | |
| Materials specified | Table of contents only |
| Uniform Resource Identifier | <a href="http://www.loc.gov/catdir/enhancements/fy0615/2003266578-t.html">http://www.loc.gov/catdir/enhancements/fy0615/2003266578-t.html</a> |
| 942 ## - ADDED ENTRY ELEMENTS (KOHA) | |
| Source of classification or shelving scheme | Dewey Decimal Classification |
| Item type | Book - Borrowing |
| Withdrawn status | Item status | Source of classification or shelving scheme | Damaged status | Not for loan | Vendor | Home library | Current library | Shelving location | Date acquired | Source of acquisition | Cost, normal purchase price | Serial Enumeration / chronology | Total Checkouts | Total Renewals | Full call number | Barcode | Date last seen | Date last borrowed | Koha item type |
|---|---|---|---|---|---|---|---|---|---|---|---|---|---|---|---|---|---|---|---|
| Dewey Decimal Classification | MERIC | Central Library | Central Library | First floor | 11/03/2010 | 167.90 | 10029 | 1 | 14 | 307.7640974927 HUM | 000020159 | 15/07/2025 | 09/10/2012 | Book - Borrowing |